01173nam a2200313 i 4500001001000000003000900010005001700019007000300036008004100039040003000080041000800110082002700118100004700145245006300192250002200255264008300277300004500360336002800405337003500433338003000468504003300498590002600531650003600557650005900593910003700652942001400689952013900703999001700842000047369DO-SdBNP20250318133443.0ta180509s1987 dr a 000 spa d aDO-SdBNPbspacBNPHUerda aspa 4a516.22bA162f 19872221 aAbreu Abreu, Franciscoeautor9372934aut.1 aFundamentos de geometría plana /cFrancisco Abreu Abreu. aTercera edición aSanto Domingo, República Dominicana :bEditora Colegiala Quisqueyana,c1987. a272 páginas :bilustraciones ;c24 cm. atextobtxt2rdacontent  asin mediación bn2rdamedia  avolumen bnc2rdacarrier  aBibliografía: página 272 aInventariado, 2018/DG 7aGeometría plana 2LEMB987227 7aGeometría plana vProblemas, ejercicios, etc.987229 aValidado. Control de calidad MFF 2ddccLBS1 00102ddc51708PDaBNPHUbBNPHUcHDd2018-05-09l0oBNPHU PD 516.22 A162f 1987p47369-10r2020-06-25w2020-06-25yLBS1ZNo se presta c46857d46857